Statistics for Blurry Country Flags #1

Click here to take the quiz!

General Stats

  • This quiz has been taken 19 times
  • The average score is 9 of 12

Answer Stats

Answer% Correct
Japan
100%
Mexico
100%
United States
100%
Finland
95%
India
95%
Russia
95%
Portugal
74%
Eritrea
53%
Guatemala
53%
Azerbaijan
47%
Madagascar
47%
Gambia
42%

Score Distribution

Percentile by Number Answered

Percent of People with Each Score

Your Score History

You have not taken this quiz